LDR 00992naa#a2200169#i#450# 001 RU\\bibl\121824 005 20260606114810.6 011 ## _a2500-1795 100 ## _a20260525b2026####ek#y0rusy0150####ca 102 ## _aRU 200 1# _aФОЛЬКЛОР В РОМАНЕ РАМАЗАНА ШАЙХУЛОВА «БЕЛЫЕ СТЕПИ» _eЖурнальная статья 210 1# _aНижневартовск _cФедеральное государственное бюджетное образовательное учреждение высшего образования Нижневартовский государственный университет _d2026 215 ## _a6 с. 608 ## _aЖурнальная статья _2local 675 ## _aЭтнография. Нравы. Обычаи. Жизнь народа. Фольклора. 39 _aФольклор (в собственном смысле слова). 398 _z 700 #1 _aЮмагужина _gЛяйсан Рашитовна 856 4# _avestnik.nvsu.ru _u